000 00209 a2200097 4500
001 10997
100 _aDowning, J.
245 _aReading Readiness
260 _a
_bHodder and Stoughton
_c
090 _c8565
_d8565
942 _aNUST-CAE
_cM
_c35339
999 _c246070
_d246070